Tratado de derecho constitucional multidisciplinar /

Bibliographic Details
Other Authors: Torres Manrique, Jorge Isaac (Editor), Abel Souto, Miguel (contributor agent of text.)
Format: Electronic eBook
Language:Spanish
Published: Santiago, Chile : Ediciones Olejnik, [2023]
Series:Biblioteca recientes y próximos escenarios de los ordenamientos jurídicos.
Subjects:
Online Access:Digitalia Hispánica

MARC

LEADER 00000nam a2200000Ii 4500
001 DIGOLEJNK1381
003 NyNyDIG
006 m o d
007 cr |||||||||||
008 260106s2023 cl ob 000 0 spa d
035 |a (OCoLC)1427226166 
040 |a DGITA  |b eng  |e rda  |e pn  |c DGITA 
020 |z 9789564073385 
050 1 4 |a K3165 ebook 
245 0 0 |a Tratado de derecho constitucional multidisciplinar /  |c Jorge Isaac Torres Manrique, director ; prólogo, Miguel Abel Souto.  
264 1 |a Santiago, Chile :  |b Ediciones Olejnik,  |c [2023] 
300 |a 1 online resource. 
336 |a text  |b txt  |2 rdacontent 
337 |a computer  |b c  |2 rdamedia 
338 |a online resource  |b cr  |2 rdacarrier 
347 |a text file  |2 rdaft 
347 |b PDF 
490 1 |a Biblioteca recientes y próximos escenarios de los ordenamientos jurídicos 
504 |a Includes bibliographical references. 
588 0 |a Online resource; title from PDF title page (Digitalia, viewed January 6, 2026) 
650 0 |a Constitutional law. 
700 1 |a Torres Manrique, Jorge Isaac,  |e editor. 
700 1 |a Abel Souto, Miguel,  |e contributor agent of text. 
791 2 |a Digitalia (Firm),  |e distributor. 
793 0 |g Digitalia eBook Collection:  |a Ediciones Olejnik 
776 0 8 |i Print version:  |t Tratado de derecho constitucional multidisciplinar.  |d Santiago, Chile : Ediciones Olejnik, 2023  |z 9789564073385 
830 0 |a Biblioteca recientes y próximos escenarios de los ordenamientos jurídicos. 
856 4 0 |3 Digitalia Hispánica  |u https://www.digitaliapublishing.com/a/157894/ 
910 |a Premium collection: 2026